000 01540nam0a22003731 4500
001 rc\2272701
005 20110829191115.0
035 _a(NLR Aleph) 006564312
090 _a6877170
_c6877170
100 _a20110829d1979 |||y0rusy50 ca
101 0 _arus
102 _aRU
105 _ay g |||||
200 1 _aСправочник мастера по переработке овощей, плодов и ягод
_fТ.С. Белова, В.И. Анохина, Ю.Д. Дмитровский
210 _aКиев
_cТехнiка
_d1979
215 _a136 с.
_d22
300 _aВ вып. дан. 2-й авт.: Анахонина [!] Валентина Ильинична
320 _aБиблиогр.: с. 134
606 _aПлоды
_jСправочники
_xПереработка
_2psbo
606 _aЯгоды
_jСправочники
_xПереработка
_2psbo
606 _aОвощи
_jСправочники
_xПереработка
_2psbo
686 _aЛ91я22
_2rubbk
686 _a36.91
_2rubbk
700 1 _aБелова
_bТ. С.
_gТатьяна Сергеевна
701 1 _aДмитровский
_bЮ. Д.
_gЮрий Дмитриевич
701 1 _6z01790
_aАнохина
_bВ. И.
_gВалентина Ильинична
790 1 _6z01701
_aАнахонина
_bВ. И.
_gВалентина Ильинична
801 0 _aRU
_bNLR
_gpsbo
801 1 _aRU
_bELAR
_2rusmarc
852 _aNLR
_j80-5/2628
899 _aRuMoRGB
_jB 79-27/1777
899 _aRuMoRGB
_jB 79-27/1778
942 _cBOOK
980 _aNB